000 00443nam a2200205Ia 4500
001 12830
003 GE_BSU
008 181216s||||||||xx |||||||||||||| ||und||
020 _a9780778302612
040 _cGE_BSU
080 _a821.111-312.4
100 _aGerritsen,Tess.
245 _aWhistle Blower.
260 _aSurrey.
260 _bMira Books.
260 _c1992
300 _a328p;18cm.
653 _aWhistle Blower.
942 _cBK
999 _c46001
_d46001